| 000 | 00447nam a2200169Ia 4500 | ||
|---|---|---|---|
| 008 | 230917s9999||||xx |||||||||||||| ||und|| | ||
| 020 | _cRs. 695.00 | ||
| 040 |
_e5015285 _aMAIN |
||
| 041 | _aEnglish | ||
| 082 | _a338.4791 N312T(2) | ||
| 100 | _aNegi, Jagmohan | ||
| 245 | 0 | _aTravel agency and tour operation: Concepts and principles | |
| 250 | _a2nd ed. | ||
| 260 |
_aNew Delhi _bKanishka Publishers _c2003 |
||
| 300 | _a498 p. | ||
| 942 | _cBK | ||
| 999 |
_c10705 _d10705 |
||